La deuda externa: un desafío por solucionar

Saved in:
Bibliografiske detaljer
Hovedforfatter: Ercolano, Francesco (Author)
Format: Bog
Sprog:spansk
Udgivet: Santiago Programas educacionales Chile 1992
Fag:
Tags: Tilføj Tag
Ingen Tags, Vær først til at tagge denne postø!

MARC

LEADER 00000nam a2200000 a 4500
001 UCY2737
003 CL-VaPUC
008 941115e19920000CL |||||||||||||||||spa|d
082 0 4 |a 336.343  |b ERC  |2 21 
100 0 |a Ercolano, Francesco  |e author  |9 330808 
245 1 3 |a La deuda externa: un desafío por solucionar 
300 |a 90 p 
942 |c BK 
945 |d 19941115 00:00:00  |a mfernand 
260 |a Santiago  |b Programas educacionales Chile  |c 1992 
650 7 |a DEUDA EXTERNA  |2 CL-VaPUC  |9 314619 
650 0 |a Países en desarrollo  |9 259663 
583 |a last modification  |c 19941115 00:00:00  |k Rodrigo Vera 
999 |c 231067  |d 231065 
952 |0 0  |1 0  |4 0  |6 336_343000000000000_ERC_1992  |7 0  |8 A  |9 233871  |a BIBENE  |b BIBENE  |d 2019-11-15  |i 3034593  |o 336.343 ERC 1992  |p 3034593  |r 2025-01-15  |w 2019-11-15  |y BK  |k ICO